<?xml version="1.0" encoding="UTF-8"?>
<record
    xmlns:xsi="http://www.w3.org/2001/XMLSchema-instance"
    xsi:schemaLocation="http://www.loc.gov/MARC21/slim http://www.loc.gov/standards/marcxml/schema/MARC21slim.xsd"
    xmlns="http://www.loc.gov/MARC21/slim">

  <leader>00680nam a2200205 a 4500</leader>
  <datafield tag="999" ind1=" " ind2=" ">
    <subfield code="c">7401</subfield>
    <subfield code="d">7401</subfield>
  </datafield>
  <controlfield tag="003">OSt</controlfield>
  <controlfield tag="005">20211117122620.0</controlfield>
  <controlfield tag="008">961113s1996    spco   ||    o000 |bcat|</controlfield>
  <datafield tag="017" ind1=" " ind2=" ">
    <subfield code="a">DL B. 14230-1996</subfield>
  </datafield>
  <datafield tag="020" ind1=" " ind2=" ">
    <subfield code="a">848939301X</subfield>
  </datafield>
  <datafield tag="040" ind1=" " ind2=" ">
    <subfield code="a">CDMR</subfield>
    <subfield code="c">0</subfield>
  </datafield>
  <datafield tag="080" ind1=" " ind2=" ">
    <subfield code="a">929Fontbernat, Josep</subfield>
  </datafield>
  <datafield tag="100" ind1="1" ind2=" ">
    <subfield code="a">Casademont, Emili</subfield>
    <subfield code="9">1380</subfield>
  </datafield>
  <datafield tag="245" ind1="1" ind2="2">
    <subfield code="a">L'Home d'"Els cent homes" : </subfield>
    <subfield code="b">aproximaci&#xF3; a la vida i obra de Josep Fontbernat / </subfield>
    <subfield code="c">Emili Casademont i Comas</subfield>
  </datafield>
  <datafield tag="260" ind1=" " ind2=" ">
    <subfield code="a">Bescan&#xF3; : </subfield>
    <subfield code="b">l'Ajuntament ; </subfield>
    <subfield code="a">Angl&#xE8;s : </subfield>
    <subfield code="b">l'Ajuntament, </subfield>
    <subfield code="c">1996</subfield>
  </datafield>
  <datafield tag="300" ind1=" " ind2=" ">
    <subfield code="a">218 p. : </subfield>
    <subfield code="b">il. ; </subfield>
    <subfield code="c">22 cm</subfield>
  </datafield>
  <datafield tag="600" ind1=" " ind2="0">
    <subfield code="a">Fontbernat, Josep</subfield>
    <subfield code="9">4706</subfield>
  </datafield>
  <datafield tag="650" ind1="0" ind2="0">
    <subfield code="a">Radiodifusi&#xF3;</subfield>
    <subfield code="z">Catalunya</subfield>
    <subfield code="x">Biografies</subfield>
    <subfield code="9">3105</subfield>
  </datafield>
  <datafield tag="942" ind1=" " ind2=" ">
    <subfield code="2">udc</subfield>
    <subfield code="c">MON</subfield>
  </datafield>
  <datafield tag="952" ind1=" " ind2=" ">
    <subfield code="0">0</subfield>
    <subfield code="1">0</subfield>
    <subfield code="4">0</subfield>
    <subfield code="7">0</subfield>
    <subfield code="8">REF</subfield>
    <subfield code="a">GIRONA</subfield>
    <subfield code="b">GIRONA</subfield>
    <subfield code="d">2010-12-03</subfield>
    <subfield code="l">0</subfield>
    <subfield code="o">Ag 675 (2)</subfield>
    <subfield code="p">GIRONA13119625</subfield>
    <subfield code="r">2013-01-16</subfield>
    <subfield code="w">2013-01-16</subfield>
    <subfield code="y">MON</subfield>
  </datafield>
  <datafield tag="952" ind1=" " ind2=" ">
    <subfield code="0">0</subfield>
    <subfield code="1">0</subfield>
    <subfield code="4">0</subfield>
    <subfield code="7">0</subfield>
    <subfield code="8">REF</subfield>
    <subfield code="a">GIRONA</subfield>
    <subfield code="b">GIRONA</subfield>
    <subfield code="d">2010-12-03</subfield>
    <subfield code="l">0</subfield>
    <subfield code="o">Ag 675</subfield>
    <subfield code="p">GIRONA13119626</subfield>
    <subfield code="r">2013-01-16</subfield>
    <subfield code="w">2013-01-16</subfield>
    <subfield code="y">MON</subfield>
  </datafield>
  <datafield tag="952" ind1=" " ind2=" ">
    <subfield code="0">0</subfield>
    <subfield code="1">0</subfield>
    <subfield code="4">0</subfield>
    <subfield code="7">0</subfield>
    <subfield code="a">CDMR</subfield>
    <subfield code="b">CDMR</subfield>
    <subfield code="d">2021-11-17</subfield>
    <subfield code="e">Donaci&#xF3;</subfield>
    <subfield code="g">10.00</subfield>
    <subfield code="l">0</subfield>
    <subfield code="o">Du 1/168</subfield>
    <subfield code="p">CDMR21110015</subfield>
    <subfield code="r">2021-11-17</subfield>
    <subfield code="w">2021-11-17</subfield>
    <subfield code="y">MON</subfield>
  </datafield>
</record>
